000 00777nam a2200217Ii 4500
003 JO-AjNU
005 20231202134645.0
008 230605s9999||||xx |||||||||||||| ||und||
040 _aJO-AjNU
_bara
_erda
_cJO-AjNU
041 _aara
050 _aHF5427.
_bH3754 1993
100 1 _aالحسني، صادق
_964580
_eمؤلف
245 0 _aالتحليل المالي والمحاسبي :
_bدراسة معاصرة في الاصول العلمية وتطبيقاتها /
_cصادق الحسني
260 _aعمان :
_bالمؤلف،
_c1994
300 _a370 صفحة
336 _atext
_btxt
_2rdacontent
337 _aunmediated
_bn
_2rdamedia
338 _avolume
_bnc
_2rdacarrier
650 4 0 _aالمحاسبة-المحاسبة المالية
_964582
942 _2lcc
_cBK
999 _c33084
_d33084